LEADER 01266nam a2200289 a 4500 001 000000161362 003 CaOOAMICUS 005 20170615094019.0 008 170615s2007 it u000 u ita r 020 $a978-88-430-4179-4* 032 $aLibriCat 040 $aPUL$bita 100 1 $aPanico, Antonio.$0(OLS)http://pul/name/45476 245 10$aCoesione, integrazione, inclusione :$bla solidarietà nel pensiero sociologico /$cAntonio Panico. 260 $aRoma :$bCarocci,$c©2007. 300 $a110 p. ;$c22 cm. 490 1 $aBiblioteca di testi e studi. Sociologia ;$v390 650 4$aSolidarietà sociale.$0(OLS)http://pul/subject/33273 830 0$aBiblioteca di testi e studi (Carocci).$pSociologia ;$v390.$0(OLS)http://pul/title/201077 850 $aPUL 852 $aPUL$W1$xDP1 Fondo S. Lanza$y121$m11 A 33$j176146$qFondi$B188520$CPULBib$Z2$F188520 $H129840 $81 941 1 $a1 961 $aProvenienza: ufficio PUL del prof. Lanza. 996 $6020$a978-88-430-4179-4*$9(OLS)http://pul/number/162871 996 $6245$aCoesione, integrazione, inclusione :$bla solidarietà nel pensiero sociologico$9(OLS)http://pul/title/201076 996 $6260$aRoma :$bCarocci$9(OLS)http://pul/publisher/66917 LEADER 01140nam a2200265 4500 001 000000150373 003 CaOOAMICUS 005 20160311155339.0 008 160311s1980 it 000 u ita r 032 $aLibriCat 040 $aPUL$bita 100 1 $aDentoni, Francesco.$0(OLS)http://pul/name/14242 245 10$aFeste e stagioni in Giappone :$buna ricerca storico-religiosa /$cFrancesco Dentoni ; con una presentazione dell'Istituto giapponese di cultura. 260 $aRoma :$bBorla,$c1980. 300 $a223 p. ;$c21 cm. 504 $aBibliografia in nota a piè pagina. 650 4$aFeste religiose$zGiappone.$0(OLS)http://pul/subject/43182 651 4$aGiappone$xStoria.$0(OLS)http://pul/subject/7333 710 0 $aIstituto Giapponese di Cultura.$0(OLS)http://pul/name/95751 850 $aPUL 852 $aPUL$W1$xDP1 Cons. Gen., Altre Classi 1$y22$m649 F 31$j172917$qStampati$B174880$CPULBib$Z2$F174880 $81 941 1 $a8 996 $6245$aFeste e stagioni in Giappone :$buna ricerca storico-religiosa$9(OLS)http://pul/title/189489 996 $6260$aRoma :$bBorla$9(OLS)http://pul/publisher/48061